| 000 | 01328cam a22003497a 4500 | ||
|---|---|---|---|
| 001 | 15880530 | ||
| 003 | NUST-PNEC | ||
| 005 | 20170116180704.0 | ||
| 008 | 090825s2009 stka b 000 0 eng d | ||
| 010 | _a 2009483405 | ||
| 015 |
_aGBA938574 _2bnb |
||
| 016 | 7 |
_a015115353 _2Uk |
|
| 020 | _a9781905331376 | ||
| 020 | _a1905331371 | ||
| 035 | _a(OCoLC)ocn319208814 | ||
| 040 |
_aUKM _cPNEC |
||
| 042 |
_aukscp _alccopycat |
||
| 050 | 0 | 0 |
_aVM147 _b.C37 2009 |
| 082 | 0 | 0 | _a623.8200288 CAR |
| 100 | 1 | _aCaridis, P. A. | |
| 245 | 1 | 0 |
_aInspection, repair and maintenance of ship structures / _cP.A. Caridis. |
| 250 | _a2nd ed. | ||
| 260 |
_aLivingston : _bWitherby Seamanship International, _c2009. |
||
| 300 |
_axiv, 326 p. : _bill. (some col.) ; _c30 cm. |
||
| 500 | _aIncludes Index http://www.amazon.com/Inspection-Repair-Maintenance-Ship-Structures/dp/1905331371/ref=sr_1_1?s=books&ie=UTF8&qid=1410848192&sr=1-1&keywords=9781905331376 | ||
| 504 | _aIncludes bibliographical references. | ||
| 650 | 0 |
_aShips, Iron and steel _xMaintenance and repair. |
|
| 650 | 0 |
_aShips, Iron and steel _xInspection, ME |
|
| 906 |
_a7 _bcbc _ccopycat _d2 _encip _f20 _gy-gencatlg |
||
| 942 |
_2ddc _cBK |
||
| 999 |
_c60649 _d60649 |
||